| 000 | 00969nam a2200313 i 4500 | ||
|---|---|---|---|
| 003 | EG-GICUC | ||
| 005 | 20260121101452.0 | ||
| 008 | 251211s1912 fr ||||fr|||| 00| 0 fre d | ||
| 040 |
_aEG-GiCUC _bfre _cEG-GiCUC _dEG-GiCUC _eRda |
||
| 041 | _afre | ||
| 082 | 0 | 4 |
_221 _a341.8 _bBA . P |
| 092 | 0 | 4 | _221 |
| 099 | _aLaw1 12 341.8 BA . P 1912 | ||
| 100 | 1 |
_aBahi en Dine Barakat _eAuteur |
|
| 245 | 1 | 4 |
_aDes Privilèges Et Immunités _cPar Bahi en Dine Barakat . |
| 264 | 1 |
_aParis : _bRousseau, _c1912. |
|
| 300 |
_a330 page ; _c24 cm. |
||
| 336 |
_2rda contenu _a texte |
||
| 337 |
_2rda medias _aOrdinateur |
||
| 338 |
_2 transporteur rda _a Ressource en ligne |
||
| 504 | _aInclude Bibliographic references | ||
| 546 | _aTexte en français | ||
| 650 | 1 | 4 |
_aDroit international privé _2qrmak |
| 650 | 1 | _aprivilèges | |
| 651 | 1 | _2qrmak | |
| 856 | 4 | 0 | _uhttps://fll.law.cu.edu.eg/fulltext/bks/B12-01384.pdf |
| 905 |
_a75 _eHassnaa |
||
| 942 |
_2ddc _n0 _cBK _e21 |
||
| 999 |
_c49818 _d49818 |
||